Wittgenstein /
Obra en que se revisa el desarrollo de la teoría filosófica del austríaco Ludwig Wittgenstein, figura fundacional de la filosofía analítica en sus dos vertientes más importantes: el análisis del lenguaje "ideal" y el análisis del lenguaje "común".
Αποθηκεύτηκε σε:
| Κύριος συγγραφέας: | |
|---|---|
| Μορφή: | Βιβλίο |
| Γλώσσα: | Ισπανικά |
| Έκδοση: |
Barcelona, España :
Grijalbo,
1973, c1973
|
| Σειρά: | (Maestros del Pensamiento Contemporáneo ;
5) |
| Θέματα: | |
| Ετικέτες: |
Δεν υπάρχουν, Καταχωρήστε ετικέτα πρώτοι!
|
MARC
| LEADER | 00000nam^a2200000^a^4500 | ||
|---|---|---|---|
| 001 | 000181883 | ||
| 005 | 20250521000000.0 | ||
| 009 | 20260310101946.943 | ||
| 037 | |a Acervo ITESO - Biblioteca | ||
| 041 | |a ESP | ||
| 082 | |a 146. 4 |b PEA | ||
| 100 | |a Pears, David Francis |e (autor) | ||
| 245 | 1 | 0 | |a Wittgenstein / |c D.F. Pears ; tr. por José Planells. |
| 264 | 4 | |a Barcelona, España : |b Grijalbo, |c 1973, c1973 | |
| 300 | |a 315 p. | ||
| 336 | |a texto |b txt |2 rdacontenido | ||
| 337 | |a sin mediación |b n |2 rdamedio | ||
| 338 | |a volumen |b nc |2 rdasoporte | ||
| 440 | 1 | |a (Maestros del Pensamiento Contemporáneo ; |v 5) | |
| 500 | |a Traducción de: Wittgenstein | ||
| 520 | |a Obra en que se revisa el desarrollo de la teoría filosófica del austríaco Ludwig Wittgenstein, figura fundacional de la filosofía analítica en sus dos vertientes más importantes: el análisis del lenguaje "ideal" y el análisis del lenguaje "común". | ||
| 590 | |a Traducción de la 2a edición en inglés | ||
| 649 | |a XX | ||
| 650 | |a Filósofos Austríacos | ||
| 650 | |a Lenguaje y Pensamiento | ||
| 650 | |a Lenguaje y Lenguas | ||
| 650 | |a Filosofía del Lenguaje | ||
| 650 | |a Filosofía Analítica - |x Historia y Crítica | ||
| 650 | |a Filosofía del Siglo XX - |x Historia y Crítica | ||
| 650 | |a Filosofía Austríaca - |x Historia y Crítica | ||
| 650 | |a Wittgenstein, Ludwig | ||
| 910 | |a Fondo Armando Suárez Gómez | ||
| 920 | |a Impresos - Libros | ||
| 930 | |a Fondos Especiales | ||
| 905 | |a 111 | ||
| 901 | |a 0700000980 |b IT2 |c ESP |u 20250521 | ||
| 902 | |a https://opac.biblio.iteso.mx/vufind/Record/000181883 | ||